000 004530000a22001810004500
003 LK-CoMWRAF
005 20230924130548.0
008 230817t ||||| |||| 00| 0 eng d
040 _aLK-CoMWRAF
_dLK-CoMWRAF
_eLK-CoMWRAF
041 _aeng
082 _a297.122
_bDEE
100 _aDeedat, Ahmed
245 _aAl-Qur'an :
_bThe ultimate challenge
260 _aU.A.E. :
_bMalik News Agency,
300 _a75p
650 _aIslam-Qur'an
942 _cBK
999 _c1247
_d1247